Effect of utilization of water spinach as supplementation on diet for fattening pigs at the research station of RUA (ឥទ្ធិពលនៃការប្រើប្រាស់ត្រកួនជាចំណីបន្ថែមលើចំណីផ្សំសំរាប់ជ្រូកសាច់នៅស្ថានីយ៏ចិញ្ចឺមសត្វនៃសាកលវិទ្យាល័យភូមិន្ទកសិកម្ម) (Record no. 1909)

000 -LEADER
fixed length control field 00816nam a22001337a 4500
040 ## - CATALOGING SOURCE
Transcribing agency RUA
082 ## - DEWEY DECIMAL CLASSIFICATION NUMBER
Classification number AVM DUK 2002 B073 Or.1
100 ## - MAIN ENTRY--AUTHOR NAME
Personal name DUK, SEYHA.
245 ## - TITLE STATEMENT
Title Effect of utilization of water spinach as supplementation on diet for fattening pigs at the research station of RUA (ឥទ្ធិពលនៃការប្រើប្រាស់ត្រកួនជាចំណីបន្ថែមលើចំណីផ្សំសំរាប់ជ្រូកសាច់នៅស្ថានីយ៏ចិញ្ចឺមសត្វនៃសាកលវិទ្យាល័យភូមិន្ទកសិកម្ម)
260 ## - PUBLICATION, DISTRIBUTION, ETC. (IMPRINT)
Place of publication Phnom Penh
Name of publisher RUA
Year of publication 2002
300 ## - PHYSICAL DESCRIPTION
Number of Pages xi, 40p.
Other physical details ill.
Dimensions 29cm.
856 ## - ELECTRONIC LOCATION AND ACCESS
Uniform Resource Identifier https://drive.google.com/file/d/1HPdeXfZ8OOB0-tqVgvR2_jZR3MeTXmdj/view?usp=sharing
942 ## - ADDED ENTRY ELEMENTS (KOHA)
Koha item type AVM
952 ## - LOCATION AND ITEM INFORMATION (KOHA)
Withdrawn status [LOCAL, KOHA] 0
952 ## - LOCATION AND ITEM INFORMATION (KOHA)
Withdrawn status [LOCAL, KOHA] 0
952 ## - LOCATION AND ITEM INFORMATION (KOHA)
Withdrawn status [LOCAL, KOHA] 0
Holdings
Permanent Location Date acquired Koha item type Lost status Shelving location Barcode Current Location Full call number
Library Block B2015-10-05AVM B073RUA009960Library Block BAVM DUK 2002 B073 Or.1
Library Block B2015-10-05AVM B073RUA016870Library Block BAVM DUK 2002 B073 Or.2
Library Block B2015-10-05AVM B073RUA016942Library Block BAVM DUK 2002 B073 Or.3
មជ្ឈមណ្ឌលឯការនៃសាកលវិទ្យាល័យភូមិន្ទកសិកម្មចំការដូង

Powered by Koha